| 000 | 00833cam a2200241 4500 | ||
|---|---|---|---|
| 001 | E10364 | ||
| 008 | 010921n2002 000 0 eng u | ||
| 035 | _a(Sirsi) u114756 | ||
| 100 | _aWinstone, Paul | ||
| 245 | _aSafety on site | ||
| 260 |
_aLondon _bRICS _c2002 |
||
| 300 | _a1 audio CD | ||
| 350 | _a15.00 | ||
| 490 | _aOwlion Audio Programme | ||
| 520 | _aA review and update of health and safety regulations as they affect surveyors in their various roles and responsibilities. The programme also includes the RICS response and initiative to address the increasing number of incidents that occur on construction sites. | ||
| 650 | _aACCIDENTS | ||
| 650 | _aCONSTRUCTION SAFETY | ||
| 650 | _aOWLION | ||
| 650 | _aSITE SAFETY | ||
| 690 | _aBUILT ENVIRONMENT-BUILDING STANDARDS | ||
| 700 | _aLand, H. | ||
| 942 | _n0 | ||
| 999 |
_c85418 _d85418 |
||